Statistics for Football Teams Aritz Aduriz Played For

Click here to take the quiz!

General Stats

  • This quiz has been taken 19 times
  • The average score is 6 of 8

Answer Stats

LeagueYearsTeam% Correct
Spain2002-2003Athletic Club
93%
Spain2006-2008Athletic Club
93%
Spain2012-2020Athletic Club
93%
Spain2000-2002Bilbao Athletic
93%
Spain2010-2012Valencia CF
80%
Spain2008-2010RCD Mallorca
47%
Spain2004-2006Real Valladolid CF
40%
Spain2003-2004Burgos CF
27%

Score Distribution

Percentile by Number Answered

Percent of People with Each Score

Your Score History

You have not taken this quiz